Fundamentals of Deep Learning and Computer Vision (Record no. 12219)

MARC details
000 -LEADER
fixed length control field 00422nam a22001697a 4500
003 - CONTROL NUMBER IDENTIFIER
control field OSt
008 - FIXED-LENGTH DATA ELEMENTS--GENERAL INFORMATION
fixed length control field 240221b |||||||| |||| 00| 0 eng d
020 ## - INTERNATIONAL STANDARD BOOK NUMBER
International Standard Book Number 9789388511858
082 ## - DEWEY DECIMAL CLASSIFICATION NUMBER
Classification number 005.133 SIF
100 ## - MAIN ENTRY--PERSONAL NAME
Personal name SINGH,Nikhil
245 ## - TITLE STATEMENT
Title Fundamentals of Deep Learning and Computer Vision
250 ## - EDITION STATEMENT
Edition statement 1st Ed
260 ## - PUBLICATION, DISTRIBUTION, ETC. (IMPRINT)
Place of publication, distribution, etc New Delhi
Name of publisher, distributor, etc BPB Publications
Date of publication, distribution, etc 2020
300 ## - PHYSICAL DESCRIPTION
Extent 183
700 ## - ADDED ENTRY--PERSONAL NAME
Personal name AHUJA,Paras
942 ## - ADDED ENTRY ELEMENTS (KOHA)
Source of classification or shelving scheme Dewey Decimal Classification
Koha item type Text Books
Holdings
Withdrawn status Lost status Source of classification or shelving scheme Damaged status Not for loan Collection code Home library Current library Date acquired Source of acquisition Currency Cost, normal purchase price Bill Number Total Checkouts Full call number Acc. no. / Barcode Date last seen Actual Cost, discounted price Bill Date Koha item type Date last borrowed Checked out
    Dewey Decimal Classification     B.Tech(CSE) PIET C-LIBRARY PIET C-LIBRARY 08/02/2024 Zafaa Books and Distributors In rupees 699.00 ZBD0369   005.133 SIF 35451 21/02/2024 510.27 08/02/2024 Reference Books    
    Dewey Decimal Classification     B.Tech(CSE) PIET C-LIBRARY PIET C-LIBRARY 08/02/2024 Zafaa Books and Distributors In rupees 699.00 ZBD0369 2 005.133 SIF 35452 05/11/2024 510.27 08/02/2024 Text Books 18/10/2024  
    Dewey Decimal Classification     B.Tech(CSE) PIET C-LIBRARY PIET C-LIBRARY 08/02/2024 Zafaa Books and Distributors In rupees 699.00 ZBD0369 1 005.133 SIF 35453 18/04/2025 510.27 08/02/2024 Text Books 09/04/2025  
    Dewey Decimal Classification     B.Tech(CSE) PIET C-LIBRARY PIET C-LIBRARY 08/02/2024 Zafaa Books and Distributors In rupees 699.00 ZBD0369 2 005.133 SIF 35454 13/01/2025 510.27 08/02/2024 Text Books 09/10/2024  
    Dewey Decimal Classification     B.Tech(CSE) PIET C-LIBRARY PIET C-LIBRARY 08/02/2024 Zafaa Books and Distributors In rupees 699.00 ZBD0369 1 005.133 SIF 35455 09/04/2024 510.27 08/02/2024 Text Books 03/04/2024  
    Dewey Decimal Classification     B.Tech(CSE) PIET C-LIBRARY PIET C-LIBRARY 08/02/2024 Zafaa Books and Distributors In rupees 699.00 ZBD0369 2 005.133 SIF 35456 08/04/2025 510.27 08/02/2024 Text Books 08/04/2025 27/10/2025
    Dewey Decimal Classification     B.Tech(CSE) PIET C-LIBRARY PIET C-LIBRARY 08/02/2024 Zafaa Books and Distributors In rupees 699.00 ZBD0369 2 005.133 SIF 35457 28/04/2025 510.27 08/02/2024 Text Books 11/04/2025  
    Dewey Decimal Classification     B.Tech(CSE) PIET C-LIBRARY PIET C-LIBRARY 08/02/2024 Zafaa Books and Distributors In rupees 699.00 ZBD0369 2 005.133 SIF 35458 01/08/2025 510.27 08/02/2024 Text Books 18/01/2025  

Design & Developed by: PIET Central Library
R70 Miles Stone Pattikalyana Samalkha Panipat 132102
mail ID :- [email protected], Phone No:- 0180-2569700 Ex.216